MDQL
is popping MORE tags! Check the
thread
!
Quizzes
Events
Quiz Creation
Community
Videos
Private Events
Remove Ads
Sign In
Join for FREE
Feedback
Dark Mode
Quiz Categories
Sports
Geography
Music
Movies
Television
Just For Fun
Miscellaneous
History
Literature
Language
Science
Gaming
Entertainment
Religion
Holiday
For Kids
Quiz Lab
Recent
Popular Today
Quiz Kudos Today
Editor Picks
Curator Picks
Quizzes by...
Day
Popularity
Type
Ratings
Length
Year
Community
Subscriptions
Recent Discussions
Orange Saloon
Badges
Playlists
Quests
Create
Leaderboards
Showdown
Live 5
Trivia Bingo
Activity
Puzzle Library
Sporcle Events
Private Events
Virtual Trivia
Globe League
Become a Host
Pub Owners
SporcleCon
Opinionation
Our Games
Videos
Blog
Mobile Apps
Partnerships
Remove Ads and Go Orange
Feedback
Movies
Disney
Marvel Cinematic Universe
Movie Resume
Movie Titles
Oscar
Actor
Actress
Director
Pixar
Role
Movie Quotes
Movie Characters
Box Office
Nominee
Best Picture
Star Wars
James Bond
Horror Movies
Movies
Disney
Marvel Cinematic Universe
Movie Resume
Movie Titles
Oscar
Actor
Actress
Director
Pixar
Role
Movie Quotes
Movie Characters
Box Office
Nominee
Best Picture
Star Wars
James Bond
Horror Movies
Random Quiz
Search Sporcle
×
Curator Pick
Curator Pick
Movies
Nominee
Select answers by clicking on text or image buttons
Select answers by clicking on text or image buttons
Clickable
Best Score? Go Orange.
Best Picture Winner-Nominee Match Stats
Can you match the Oscar winner for Best Picture to one of the nominees it beat?
By
theshliz
8m
22 Questions
663 Plays
663 Plays
663 Plays
Comments
Comments
Give Quiz Kudos
Give Quiz Kudos
-
- Ratings
hide this ad
More Info
Replay
Link that replays current quiz
Next Quiz
Link to next quiz in quiz playlist
You Got
0%
They Got
Avg Score
72%
Avg Friend Score
Upgrade to see
Score Distribution
Jump to the score distribution portion of the page
Score
0/22
Timer
08:00
0
Plays Today
% Correct
Saving Private Ryan
85.4%
The Shawshank Redemption
85.4%
The Descendants
85.2%
Winter's Bone
81.4%
Milk
78.1%
Good Will Hunting
76.6%
Juno
75.3%
Beauty and the Beast
75%
Gangs of New York
74.8%
Jerry Maguire
73.8%
Crouching Tiger, Hidden Dragon
73%
% Correct
The Godfather: Part III
72.1%
A Serious Man
71.3%
Lost in Translation
70.7%
Moulin Rouge!
69.8%
The Green Mile
69.2%
Babel
66.7%
Munich
65.2%
Scent of a Woman
65.2%
Sideways
63.7%
Sense and Sensibility
60.3%
In the Name of the Father
57.9%
Quiz Playlist
Details
Report
Send in Message
Add To Playlist
More Info:
Includes the winner for Best Picture from 1990 to 2012.
Clickable:
Select answers by clicking on text or image buttons
Last Updated: Feb 16, 2017
Curator Pick in
Nominee
Quiz Scoreboard
CHALLENGE
Sign Up to Join the Scoreboard
Show All
Scores
Hide
Comments
May contain spoilers
Recently Published
1-10 Letter E Words III
by El_Dandy
Language
2m
Street Fighter Characters
by Artimus82
Gaming
60s
College Basketball Coaching Resumes
by pancakes188
Sports
9m
More to Explore
Quiz From the Vault
Featured Blog Post
Where Did the Easter Bunny Come From?
hide this ad
You Might Also Like...
Tags
Best Picture Quiz
Clickable Quiz
Nominee Quiz
Oscar Quiz
beat
Image Quiz
Matching
Winner
Today's Top Quizzes in Movies
Browse Movies
hide this ad
Today's Top Quizzes in Nominee
Browse Nominee
Top Contributed Quizzes in Movies
1
Pick 5 Posters: Directed by Spielberg
2
7-to-1: Pixar Characters
3
Hidden Star Wars Character II
4
Pick 5 Posters: Lowest-Rated Spielberg
5
Hidden Star Wars Character III
6
Sorting Actors
7
Sorting Actresses
8
Hidden Star Wars Character IV
9
Pick 5 Posters: Directed by Scorsese
10
Hidden Star Wars Character V
Explore More
Trending Topics
Marvel
Disney
Kpop
Harry Potter
Crossword
Anime
NBA
Puzzle
Soccer
Country
Pokémon
The Office
WWE
Song
NFL
hide this ad
More By:
theshliz
Quiz
Plays
Rating
Category
Featured
Created
Movie Cast Match
125,073
4.62
Movies
Oct 5, 2012
2000s Movies by Cast II
55,478
4.14
Movies
Feb 19, 2012
Movie Cast Match II
54,649
4.42
Movies
Oct 7, 2012
Jeopardy Inspired Rhyme Time
3,326
4.23
Language
Apr 28, 2011
Oscar Winning Actor Minefield
3,168
3.57
Movies
Nov 23, 2012
Go to Creator's Profile
Score Distribution
Quiz Creator Spotlight
theshliz
Follow
Send a Message
Quizzes Created
-
Created Quiz Play Count
-
More By This Creator
Popular Quizzes Today
1
Find the US States - No Outlines Minefield
2
Find the Countries of Europe - No Outlines Minefield
3
The Countries of the World
4
Find the US States
5
Risky Map Clicking: Biggest States A-Z
6
US States
7
Popular People in 1961
8
Movies - When Are They Set?
More Movies Quizzes
Monsters, Inc. Characters
Published
Trending Quizzes
Risky Map Clicking: Least Populous States A-Z
Billboard Blitz: Aretha Franklin
Famous Russians: Author or Composer?
1-10 Letter G Words
Countries of the World: 200 Million BC
Recently Updated
Leaping Animals
pecheneg
Reality TV Shows (A-Z)
bhenderson79
Rickey Henderson's Hall of Fame Teammates
pecheneg
Champions League XIs: Arsenal
pecheneg
Quick Pick: Celebrities in WWE's Hall of Fame
aduchscher
A-Z Keypad Blitz II
pecheneg
Multiple Oscar Actors
pecheneg
Mystery Phrase Blitz: Oscar 'Best Actors'
pecheneg
F. Scott Fitzgerald Novels
LTH
Pick 3 Villains
ddd62291
Trending Topics
Kpop
Anime
Disney
Harry Potter
Crossword
NBA
Marvel
WWE
NFL
Country
Song
Soccer
Pokémon
The Office
Puzzle
Your Account Isn't Verified!
In order to create a playlist on Sporcle, you need to verify the email address you used during registration. Go to your
Sporcle Settings
to finish the process.
Report this User
Report this user for behavior that violates our
Community Guidelines
.
Details:
Send Report
Go to the Sporcle.com Mobile Site →
Comments